| 000 | 00665nam a2200229Ia 4500 | ||
|---|---|---|---|
| 003 | GCL | ||
| 008 | 140319s9999 xx 000 0 ara d | ||
| 040 |
_aGCL / _cGCL |
||
| 082 | 0 | 4 |
_aط _b371.3333 _bش س |
| 100 | 1 | _aشركة سفير | |
| 245 | 1 | 0 |
_aاركان الايمان 3 / _cشركة سفير |
| 260 |
_a[S.N] : _bسفير |
||
| 300 | _a88 ص | ||
| 490 |
_aسلسلة احباب الله _v0 |
||
| 650 | 0 | 4 | _aاطفاء الحرائق |
| 650 | 0 | 4 | _aتعليم |
| 650 | 0 | 4 | _aاشرطة التسجيل |
| 650 | 0 | 4 | _aالوسائل السمعية والبصرية |
| 650 | 0 | 4 | _aاطفال |
| 650 | 0 | 4 | _aمواد غير مطبوعة |
| 942 |
_2ddc _cBK |
||
| 999 |
_c56572 _d56572 |
||